| 000 | 00449nam a2200181Ia 4500 | ||
|---|---|---|---|
| 005 | 20240823060640.0 | ||
| 008 | 240823s9999||||xx |||||||||||||| ||und|| | ||
| 041 | _aENGLISH | ||
| 082 | _A658.4 Q3 | ||
| 100 | _aAswathappa K | ||
| 245 | 0 | _aOrganisational Behaviour | |
| 250 | _a11th | ||
| 260 |
_c2013 _bHimalaya Publishing |
||
| 500 | _aTRANSFERED | ||
| 650 |
_aOrganisational Behaviour _bManagement Studies |
||
| 942 | _cBK | ||
| 999 |
_c231637 _d231637 |
||